| 000 | 00764cam a22002415a 4500 | ||
|---|---|---|---|
| 001 | 011317012 | ||
| 005 | 20201128024158.0 | ||
| 008 | 011029s2016 enk frb 000 0 eng d | ||
| 020 | _a9780340733509 | ||
| 040 |
_aDLC _cDLC _dUk _dEG-SCBUE _beng |
||
| 082 | 0 | 4 |
_a291.44 _222 _bTOL |
| 100 | 1 |
_aTolle, Eckhart, _d1948- |
|
| 245 | 1 | 4 |
_aThe power of now : _ba guide to spiritual enlightenment / _cEckhart Tolle. |
| 260 |
_aLondon : _bYellow Kite / Hodder & Stoughton, _c2016. |
||
| 300 |
_axv, 191 p. ; _c20 cm. |
||
| 500 | _aPrevious ed.: Novato, Calif : New World Library, 1999. | ||
| 504 | _aBibliography : p. 193. | ||
| 650 | 7 |
_aSpiritual Life. _2BUEsh _91046 |
|
| 651 | _2BUEsh | ||
| 653 |
_bGGEN _cOctober2017 |
||
| 655 |
_vReading book _934232 |
||
| 942 | _2ddc | ||
| 999 |
_c25481 _d25453 |
||